Girls Names With The Letter: G (2009) Quiz Stats

 Plays Quiz not verified by Sporcle

Score 0/150 Timer 12:00
0 Plays Today
Begins with Answer % Correct
GGrace
98.4%
GGracie
95.5%
MMaggie
92.3%
MMargaret
91.5%
GGabriel
91.1%
AAngel
90.2%
GGabriella
89.8%
GGabrielle
89.8%
AAbigail
89.4%
AAngelina
89%
GGia
88.6%
MMegan
88.2%
AAngela
86.6%
GGloria
85.8%
GGianna
85.4%
MMeghan
85%
PPaige
84.1%
GGina
84.1%
RReagan
82.9%
GGabriela
82.5%
AAngelica
82.5%
GGiana
81.7%
RRegan
79.7%
MMorgan
78%
GGwen
77.6%
GGeorgia
76.8%
GGwendolyn
75.6%
GGenevieve
73.6%
TTeagan
72.4%
AAngie
72%
GGisel
70.7%
GGiselle
69.5%
TTegan
69.1%
RRegina
67.9%
GGretchen
67.1%
GGeorgina
65.9%
GGenesis
65.4%
GGisell
65.4%
MMeagan
63.4%
GGracelyn
63%
GGemma
62.6%
AAngeline
62.2%
AAngelique
61%
SSage
60.6%
GGracelynn
59.8%
AAbbigail
58.5%
VVirginia
56.9%
GGreta
56.9%
BBridget
54.1%
MMargo
53.7%
Begins with Answer % Correct
GGiovanna
53.3%
LLogan
52.4%
MMargot
50.8%
GGillian
50.4%
RRaegan
48.4%
GGeraldine
44.7%
GGladys
44.7%
KKeegan
43.1%
GGwyneth
41.9%
KKayleigh
41.1%
GGiuliana
40.7%
GGiulia
40.7%
RRyleigh
39.4%
KKyleigh
39.4%
EEvangeline
39.4%
BBridgette
38.2%
GGinger
37.4%
IIngrid
36.2%
SSaige
36.2%
GGisele
36.2%
GGrayson
35.4%
EEvangelina
33.3%
KKeagan
32.5%
HHayleigh
31.7%
GGwenyth
31.3%
KKaleigh
30.9%
GGuadalupe
30.1%
HHaleigh
30.1%
AAbigayle
30.1%
AAbbygail
30.1%
AAshleigh
28.5%
AAugust
28.5%
CCarleigh
28%
MMargarita
28%
HHarleigh
28%
MMarleigh
27.6%
GGizelle
26.4%
AAbygail
26%
GGeneva
26%
MMagdalene
25.6%
BBayleigh
25.2%
GGisselle
23.6%
GGracey
23.6%
GGissel
23.6%
AAbigale
23.2%
HHaileigh
23.2%
CCaleigh
22.4%
GGraciela
22.4%
KKaileigh
22.4%
CCharleigh
21.5%
Begins with Answer % Correct
CCayleigh
21.1%
MMyleigh
21.1%
LLeighton
20.7%
GGiada
20.7%
BBryleigh
20.7%
AAngelia
18.7%
MMaegan
17.9%
AAbagail
17.5%
GGiavanna
17.5%
LLeigha
16.3%
BBaileigh
15.4%
AAbbigale
15%
GGracyn
13%
EEmmaleigh
13%
JJayleigh
13%
AAngelie
12.6%
GGriselda
12.2%
RRaleigh
11.8%
MMagnolia
11.4%
CCalleigh
11%
AAllegra
10.6%
AAnnaleigh
9.8%
GGracee
9.3%
AAleigha
8.9%
MMagdelene
8.9%
PPresleigh
8.9%
GGalilea
8.1%
CChanning
7.7%
KKenleigh
7.7%
MMilagros
7.3%
AAnaleigh
6.5%
KKerrigan
6.5%
GGianni
6.1%
RRaeleigh
6.1%
BBrigid
6.1%
AAbigael
6.1%
PPeighton
5.7%
CCarrington
4.5%
GGenessis
4.5%
GGrecia
4.1%
BBlessing
4.1%
EEgypt
4.1%
FFaigy
3.7%
KKerrington
3.3%
MMaleigha
2.4%
KKarrington
2.4%
AAngeles
2%
AAvigail
2%
GGreydis
1.6%
GGreidys
1.2%

You're not logged in!

Compare scores with friends on all Sporcle quizzes.
OR
Log In

Sporcle TV

Today on Sporcle TV


Watch our educational content, quiz creation guides, and fun videos on Sporcle TV.

Show Comments

Extras

Top Quizzes Today


Score Distribution

Your Account Isn't Verified!

In order to create a playlist on Sporcle, you need to verify the email address you used during registration. Go to your Sporcle Settings to finish the process.

Report this User

Report this user for behavior that violates our Community Guidelines.

Details: